000 01020nam a2200349 a 4500
001 000002160
003 DO-SdBNP
005 20171110103303.0
007 000002160
008 090701s2000 dr a 001 0 spa d
020 _a9993425133
040 _aBPMSU
_bspa
_cBPMSU
082 4 _a620.0042
_bV748d
100 1 _aVilleta Mlineaux, Jesús
245 1 0 _aDiseño de proyectos de ingeniería /
_cJesús Villeta Molineaux.
260 0 _aSanto Domingo :
_bINTEC,
_c2000.
300 _a446 p. :
_bil. ;
_c27 cm.
500 _aBibliografía: p. 445-446
650 4 _aDISEÑO EN INGENIERÍA
650 4 _aDIBUJO TÉCNICO
650 4 _aINGENIERÍA
_xGRÁFICOS
910 _aValidado. Control de calidad MFF
930 1 _l
_m
_h
_8
_f
_p
_g
930 1 _l
_m
_h
_8
_f
_p
_g
_h
930 1 _l
_m
_h
_8
_f
_p
_g
_h
942 _2ddc
_cBK
945 _aInvetariado / 2017 VM
956 _a
_b
_c
_l
_h
956 _a
_b
_c
_l
_h
956 _a
_b
_c
_l
_h
956 _aVMATEO
_b10
_c20150825
_lBPMSU
_h00151
999 _c8214
_d8214